Statistiques concernant A quel livre appartient ce personnage?

Cliquez ici pour prendre le quiz!

Statistiques générales

  • Ce quiz a été pris 94 fois
  • Le résultat moyen est 4 sur 15

Statistiques - réponses

HintRéponse% Correct
Jean ValjeanLes misérables
93%
Julien SorelLe rouge et le noir
58%
MeursaultL'étranger
45%
Edmond DantèsLe comte de Monte Cristo
40%
Etienne LantierGerminal
39%
Jean Baptiste GrenouilleLe parfum
32%
George DuroyBel-ami
22%
Winston Smith1984
21%
PanglossCandide
21%
Lisbeth SalanderMillénium
19%
Gregor SamsaLa métamorphose
18%
José Arcadio BuendiaCent ans de solitude
11%
Frédéric MoreauL'éducation sentimentale
11%
Holden CaulfieldL'attrape coeur
7%
Alexis IvanovitchLe joueur
5%

Distribution des résultats

Percentile par nombre de réponses

% des personnes avec chaque résultat

Votre développement - résultats

Vous n’avez pas pris ce quiz